| 000 | 00515 a2200157 4500 | ||
|---|---|---|---|
| 020 | _a8176480479 (hardcover) | ||
| 020 | _a9788176480475 (hardcover) | ||
| 090 |
_c4343 _d4343 |
||
| 100 | 1 | _aAHMAD, SHAKEEL. | |
| 245 | 1 | 0 |
_aHuman resource development in universities / _cSHAKEEL AHMAD. |
| 250 | _a1st ed. | ||
| 260 |
_a[S.l.] : _bAPH Publishing Corp., _c1999. |
||
| 300 |
_a326 p. ; _c22 cm. |
||
| 856 | 4 | 0 |
_3Amazon.com _uhttp://www.amazon.com/exec/obidos/ASIN/8176480479/chopaconline-20 |
| 942 |
_aNBS _cBK _k658.3 AHM |
||
| 999 |
_c346788 _d346788 |
||